Advanced economic theory (micro and macroeconomics) (Record no. 1522)

MARC details
000 -LEADER
fixed length control field 00489cam a2200181ua 4500
008 - FIXED-LENGTH DATA ELEMENTS--GENERAL INFORMATION
fixed length control field 110714n ii |||gr||||Z||||||eng
040 ## - CATALOGING SOURCE
Transcribing agency MAIN
082 ## - DEWEY DECIMAL CLASSIFICATION NUMBER
Classification number 330.01
100 ## - MAIN ENTRY--PERSONAL NAME
Personal name Jhingan, M. L.,
Dates associated with a name 1986,
245 1# - TITLE STATEMENT
Title Advanced economic theory (micro and macroeconomics)
Statement of responsibility, etc. by M. L. Jhingan
250 ## - EDITION STATEMENT
Edition statement 1st.
260 ## - PUBLICATION, DISTRIBUTION, ETC.
Place of publication, distribution, etc. New Delhi:
Name of publisher, distributor, etc. Konark Publications.,986.
300 ## - PHYSICAL DESCRIPTION
Extent xv959p:
Other physical details ill;
Dimensions 23cm.
942 ## - ADDED ENTRY ELEMENTS (KOHA)
Koha item type Books
653 ## - INDEX TERM--UNCONTROLLED
Uncontrolled term economics
653 ## - INDEX TERM--UNCONTROLLED
Uncontrolled term micro and macro economics
Holdings
Withdrawn status Lost status Damaged status Not for loan Home library Current library Shelving location Date acquired Total Checkouts Full call number Barcode Date last seen Copy number Price effective from Koha item type
        Central Library, Naharkatiya College Central Library, Naharkatiya College General Stacks 19/09/2020   330.01 | JHI 2229 19/09/2020 2 19/09/2020 Books
        Central Library, Naharkatiya College Central Library, Naharkatiya College General Stacks 19/09/2020   330.01 | JHI 2230 19/09/2020 1 19/09/2020 Books

Naharkatiya College © 2020. All rights reserved.

Powered By